The uncertain art : (Record no. 1457)

000 -LEADER
fixed length control field 01928nam a22004697a 4500
001 - CONTROL NUMBER
control field 15362944
003 - CONTROL NUMBER IDENTIFIER
control field OSt
005 - DATE AND TIME OF LATEST TRANSACTION
control field 20210426064015.0
008 - FIXED-LENGTH DATA ELEMENTS--GENERAL INFORMATION
fixed length control field 080711s2008 nyua 000 0deng d
010 ## - LIBRARY OF CONGRESS CONTROL NUMBER
LC control number 2008274832
020 ## - INTERNATIONAL STANDARD BOOK NUMBER
International Standard Book Number 9781400064786
020 ## - INTERNATIONAL STANDARD BOOK NUMBER
International Standard Book Number 1400064783
035 ## - SYSTEM CONTROL NUMBER
System control number (OCoLC)ocn176952067
040 ## - CATALOGING SOURCE
Original cataloging agency BTCTA
Transcribing agency BTCTA
Modifying agency BAKER
-- YDXCP
-- JED
-- OCO
-- IH9
-- VP@
-- UAB
-- DLC
042 ## - AUTHENTICATION CODE
Authentication code lccopycat
050 00 - LIBRARY OF CONGRESS CALL NUMBER
Classification number R705
Item number .N85 2008
080 ## - UNIVERSAL DECIMAL CLASSIFICATION NUMBER
Universal Decimal Classification number 61
Item number N-91
082 04 - DEWEY DECIMAL CLASSIFICATION NUMBER
Classification number 610.92
Edition number 22
100 1# - MAIN ENTRY--PERSONAL NAME
Personal name Nuland, Sherwin B.
245 14 - TITLE STATEMENT
Title The uncertain art :
Remainder of title thoughts on a life in medicine /
Statement of responsibility, etc. Sherwin B. Nuland.
250 ## - EDITION STATEMENT
Edition statement 1st ed.
260 ## - PUBLICATION, DISTRIBUTION, ETC.
Place of publication, distribution, etc. New York :
Name of publisher, distributor, etc. Random House,
Date of publication, distribution, etc. c2008.
300 ## - PHYSICAL DESCRIPTION
Extent xx, 198 p. :
Other physical details ill. ;
Dimensions 25 cm.
365 ## - TRADE PRICE
Price type code 25.00 USD
500 ## - GENERAL NOTE
General note Includes index.
520 ## - SUMMARY, ETC.
Summary, etc. The author offers a compilation of personal anecdotes and reflections based on his forty-year career in medicine as he explores various aspects of his discipline, how it is practiced around the globe, the lives of patients, and how the body works.
600 10 - SUBJECT ADDED ENTRY--PERSONAL NAME
Personal name Nuland, Sherwin B.
600 17 - SUBJECT ADDED ENTRY--PERSONAL NAME
Personal name Nuland, Sherwin B.
Source of heading or term sears
650 #0 - SUBJECT ADDED ENTRY--TOPICAL TERM
Topical term or geographic name entry element Physicians
Form subdivision Anecdotes.
650 #0 - SUBJECT ADDED ENTRY--TOPICAL TERM
Topical term or geographic name entry element Medicine
Form subdivision Anecdotes.
650 #7 - SUBJECT ADDED ENTRY--TOPICAL TERM
Topical term or geographic name entry element Physicians
Form subdivision Anecdotes.
Source of heading or term sears
650 #7 - SUBJECT ADDED ENTRY--TOPICAL TERM
Topical term or geographic name entry element Medicine
Form subdivision Anecdotes.
Source of heading or term sears
653 ## - INDEX TERM--UNCONTROLLED
Uncontrolled term მედიცინა
856 41 - ELECTRONIC LOCATION AND ACCESS
Materials specified Table of contents only
Uniform Resource Identifier <a href="http://www.loc.gov/catdir/toc/fy1001/2008274832.html">http://www.loc.gov/catdir/toc/fy1001/2008274832.html</a>
856 42 - ELECTRONIC LOCATION AND ACCESS
Materials specified Contributor biographical information
Uniform Resource Identifier <a href="http://www.loc.gov/catdir/enhancements/fy0838/2008274832-b.html">http://www.loc.gov/catdir/enhancements/fy0838/2008274832-b.html</a>
856 42 - ELECTRONIC LOCATION AND ACCESS
Materials specified Publisher description
Uniform Resource Identifier <a href="http://www.loc.gov/catdir/enhancements/fy0838/2008274832-d.html">http://www.loc.gov/catdir/enhancements/fy0838/2008274832-d.html</a>
856 41 - ELECTRONIC LOCATION AND ACCESS
Materials specified Sample text
Uniform Resource Identifier <a href="http://www.loc.gov/catdir/enhancements/fy0838/2008274832-s.html">http://www.loc.gov/catdir/enhancements/fy0838/2008274832-s.html</a>
906 ## - LOCAL DATA ELEMENT F, LDF (RLIN)
a 7
b cbc
c copycat
d 2
e ncip
f 20
g y-gencatlg
942 ## - ADDED ENTRY ELEMENTS (KOHA)
Source of classification or shelving scheme
Koha item type Books
Holdings
Withdrawn status Lost status Source of classification or shelving scheme Damaged status Not for loan Permanent location Current location Date acquired Inventory number Total Checkouts Full call number Barcode Date last seen Price effective from Koha item type
          Ken Walker International University Ken Walker International University 02/16/2021 1251   61 N-91 1251 02/16/2021 02/16/2021 Books

Powered by Koha